| 000 | 00612cam a2200193 a 4500 | ||
|---|---|---|---|
| 001 | 000007688 | ||
| 005 | 20200929154249.0 | ||
| 008 | 900320s1993 pr 001 0bspa | ||
| 040 |
_aDO-SdBNP _dBNPHU |
||
| 082 |
_a927.95 _bR175v, 1993 |
||
| 100 | 1 |
_aRamos, Josean. _921308 |
|
| 245 | 1 | 0 |
_aVengo a decirle adiós a los muchachos / _cJosean Ramos. |
| 250 | _a3a ed. | ||
| 260 |
_aSan Juan, Puerto Rico : _bSociedad de Autores Libres, _c1993. |
||
| 300 |
_a199 p. ; _c22 cm. |
||
| 600 | 1 | 4 |
_aSANTOS, DANIEL, _d1916- _921309 |
| 650 | 4 |
_aCantantes _zLatinoamerica _xBiografía _921310 |
|
| 910 | _aCatalogación derivada | ||
| 999 |
_c7468 _d7468 |
||